Arthur's prize reader / (Record no. 111022)
[ view plain ]
| 000 -LEADER | |
|---|---|
| fixed length control field | 00688nam a2200205 a 4500 |
| 001 - CONTROL NUMBER | |
| control field | 0107 |
| 005 - DATE AND TIME OF LATEST TRANSACTION | |
| control field | 20140414131907.0 |
| 008 - FIXED-LENGTH DATA ELEMENTS--GENERAL INFORMATION | |
| fixed length control field | 040728s19uu xx 00 eng d |
| 020 ## - INTERNATIONAL STANDARD BOOK NUMBER | |
| International Standard Book Number | 0-06-444049-4 |
| 050 ## - LIBRARY OF CONGRESS CALL NUMBER | |
| Classification number | ER |
| Item number | Ar1 1978 |
| 100 ## - MAIN ENTRY--PERSONAL NAME | |
| Personal name | Hoban, Lillian |
| 245 ## - TITLE STATEMENT | |
| Title | Arthur's prize reader / |
| Statement of responsibility, etc | Lillian Hoban. |
| 260 ## - PUBLICATION, DISTRIBUTION, ETC. (IMPRINT) | |
| Place of publication, distribution, etc | New York : |
| Name of publisher, distributor, etc | Harper Trophy, |
| Date of publication, distribution, etc | 1978. |
| 300 ## - PHYSICAL DESCRIPTION | |
| Extent | 63 p. : ill. ; cm. |
| 440 ## - SERIES STATEMENT/ADDED ENTRY--TITLE | |
| Title | An I Can Read Book |
| 520 ## - SUMMARY, ETC. | |
| Summary, etc | Although Arthur loses the Super Chimp Club contest, his pupil, sister Violet, wins the first grade reading competition and a prize for them both. |
| 650 ## - SUBJECT ADDED ENTRY--TOPICAL TERM | |
| Topical term or geographic name as entry element | Brother and sisters |
| General subdivision | Fiction. |
| 650 ## - SUBJECT ADDED ENTRY--TOPICAL TERM | |
| Topical term or geographic name as entry element | Reading |
| General subdivision | Fiction. |
| Withdrawn status | Lost status | Damaged status | Use restrictions | Home library | Current library | Shelving location | Date acquired | Source of acquisition | Total Checkouts | Full call number | Barcode | Date last seen | Price effective from | Koha item type |
|---|---|---|---|---|---|---|---|---|---|---|---|---|---|---|
| Munich Library | Munich Library | Easy Reading Section | 07/28/2004 | ER Ar1 1978 | M1572 | 04/14/2014 | 04/14/2014 | Books |